[Event "Kaluga Tsiolkovsky Memorial op"]
[Site "Kaluga"]
[Date "2012.08.02"]
[Round "4"]
[White "Gromadin, Gleb"]
[Black "Ivanov, Mikhail M"]
[Result "1/2-1/2"]
[WhiteElo "2145"]
[BlackElo "2403"]
[PlyCount "94"]
[EventDate "2012.07.30"]
[EventType "swiss"]
[EventRounds "9"]
[EventCountry "RUS"]
[SourceTitle "EXT 2014"]
[Source "ChessBase"]
[SourceDate "2013.11.20"]
[SourceVersion "1"]
[SourceVersionDate "2013.11.20"]
[SourceQuality "1"]

1. c4 e6 2. g3 d5 3. Bg2 dxc4 4. Qc2 a6 5. a4 Ra7 6. Nf3 c5 7. Ne5 Qc7 8. Nxc4 b5 9. Ne3 Bd7 10. 0-0 Nc6 11. b3 Nd4 12. Qd3 Ne7 13. Bb2 Nec6 14. Bxc6 Nxc6 15. axb5 Nb4 16. Qe4 Bxb5 17. Nc3 Bc6 18. Qg4 h5 19. Qg5 h4 20. Na4 f6 21. Qg6+ Qf7 22. Qxf7+ Kxf7 23. g4 Bb5 24. d3 Be7 25. Rfc1 Rc8 26. Nc3 Rcc7 27. Ne4 Nd5 28. Rc2 Nxe3 29. fxe3 f5 30. Rf1 Kg6 31. gxf5+ exf5 32. Nd2 Bg5 33. Nf3 Bxe3+ 34. Kg2 Bc6 35. Kh3 Kh5 36. Ne5 g6 37. Rc4 Bg5 38. Bc1 Bf6 39. Rg1 g5 40. Nxc6 g4+ 41. Kg2 Rxc6 42. Rf1 Kg6 43. Rcf4 Re7 44. e4 h3+ 45. Kh1 fxe4 46. Rxg4+ Kf7 47. dxe4 Rce6 1/2-1/2

[Event "Kostroma Volga Cup op"]
[Site "Kostroma"]
[Date "2010.07.??"]
[Round "1"]
[White "Gromadin, Gleb"]
[Black "Smirnova, Iulia"]
[Result "1-0"]
[WhiteElo "2169"]
[BlackElo "1738"]
[PlyCount "49"]
[EventDate "2010.07.??"]
[EventType "swiss"]
[EventRounds "9"]
[EventCountry "RUS"]
[SourceTitle "EXT 2011"]
[Source "ChessBase"]
[SourceDate "2010.11.26"]
[SourceVersion "1"]
[SourceVersionDate "2010.11.26"]
[SourceQuality "1"]

1. c4 c5 2. Nf3 Nc6 3. Nc3 g6 4. d4 cxd4 5. Nxd4 Bg7 6. Nc2 d6 7. e4 Nf6 8. Be2 0-0 9. 0-0 Be6 10. Bg5 Rc8 11. Qd2 Na5 12. b3 b5 13. e5 Ne8 14. Nxb5 Bxe5 15. Rad1 Nc6 16. Bf3 Nf6 17. Bxc6 Rxc6 18. f4 Ne4 19. Qe3 Nxg5 20. fxe5 Qb6 21. Nbd4 Bg4 22. Nxc6 Qxe3+ 23. Nxe3 Bxd1 24. Nxe7+ Kg7 25. Rxd1 1-0

[Event "Kostroma Volga Cup op"]
[Site "Kostroma"]
[Date "2009.07.??"]
[Round "1"]
[White "Gromadin, Gleb"]
[Black "Losev, Sergey"]
[Result "1-0"]
[WhiteElo "2191"]
[BlackElo "1972"]
[PlyCount "87"]
[EventDate "2009.07.03"]
[EventType "swiss"]
[EventRounds "9"]
[EventCountry "RUS"]
[SourceTitle "EXT 2021"]
[Source "ChessBase"]
[SourceDate "2020.10.23"]
[SourceVersion "1"]
[SourceVersionDate "2020.10.23"]
[SourceQuality "1"]

1. Nf3 Nf6 2. c4 c5 3. Nc3 Nc6 4. g3 d6 5. Bg2 h6 6. b3 Bf5 7. 0-0 e5 8. a3 Be7 9. d3 0-0 10. Bb2 Qd7 11. e3 Rad8 12. Nd5 Bh7 13. Qd2 Nh5 14. b4 b6 15. b5 Na5 16. Qe2 Nf6 17. Nd2 Nxd5 18. Bxd5 Kh8 19. Bc3 Nb7 20. Rae1 f5 21. f4 Bf6 22. fxe5 dxe5 23. Qh5 Nd6 24. e4 fxe4 25. Nxe4 Nxe4 26. dxe4 Qe7 27. h4 Rd6 28. a4 Qe8 29. Qxe8 Rxe8 30. a5 Bg6 31. axb6 axb6 32. Ra1 Bh5 33. Ra7 Bg4 34. Rfa1 Rb8 35. Rc7 Kh7 36. Raa7 h5 37. Rc6 Rd7 38. Ra6 Rdb7 39. Rd6 Rd7 40. Raxb6 Rxd6 41. Rxd6 g5 42. hxg5 Bxg5 43. Bxe5 Be3+ 44. Kg2 1-0

[Event "Moscow Region-ch"]
[Site "Dubna"]
[Date "2001.??.??"]
[Round "3"]
[White "Burlachenko, Konstantin"]
[Black "Gromadin, Gleb"]
[Result "1/2-1/2"]
[WhiteElo "2178"]
[BlackElo "2221"]
[PlyCount "81"]
[EventDate "2001.??.??"]
[EventType "swiss"]
[EventRounds "9"]
[EventCountry "RUS"]
[SourceTitle "EXT 2006"]
[Source "ChessBase"]
[SourceDate "2005.11.24"]
[SourceVersion "1"]
[SourceVersionDate "2005.11.24"]
[SourceQuality "1"]

1. e4 c5 2. Nf3 d6 3. d4 cxd4 4. Nxd4 Nf6 5. Nc3 e6 6. Bc4 a6 7. Bb3 b5 8. Qe2 Bb7 9. f3 Nbd7 10. Be3 Qc7 11. 0-0-0 Nc5 12. Qf2 Be7 13. g4 Rc8 14. g5 Nfd7 15. h4 Nxb3+ 16. axb3 b4 17. Na4 d5 18. e5 Bc6 19. Nxc6 Qxc6 20. f4 Nc5 21. Nxc5 Bxc5 22. Bxc5 Qxc5 23. Qxc5 Rxc5 24. Kd2 Ke7 25. Ra1 Rhc8 26. Rhc1 a5 27. c3 f6 28. Kd3 h6 29. exf6+ gxf6 30. gxh6 Rh8 31. cxb4 Rxc1 32. Rxc1 axb4 33. h7 Kd6 34. Ra1 Rxh7 35. Ra6+ Kc5 36. Rxe6 Rxh4 37. Rxf6 Rh3+ 38. Kc2 Rh2+ 39. Kb1 Rh1+ 40. Kc2 Rh2+ 41. Kb1 1/2-1/2

[Event "Moscow Region-ch"]
[Site "Dubna"]
[Date "2001.??.??"]
[Round "8"]
[White "Gromadin, Gleb"]
[Black "Li, Vladimir"]
[Result "1-0"]
[WhiteElo "2221"]
[BlackElo "2150"]
[PlyCount "79"]
[EventDate "2001.??.??"]
[EventType "swiss"]
[EventRounds "9"]
[EventCountry "RUS"]
[SourceTitle "EXT 2006"]
[Source "ChessBase"]
[SourceDate "2005.11.24"]
[SourceVersion "1"]
[SourceVersionDate "2005.11.24"]
[SourceQuality "1"]

1. c4 e5 2. Nc3 d6 3. g3 g6 4. Bg2 Bg7 5. e3 f5 6. Nge2 Nf6 7. d4 0-0 8. 0-0 e4 9. Qc2 Be6 10. b3 Nbd7 11. f3 exf3 12. Bxf3 c6 13. Ba3 Qc7 14. d5 cxd5 15. Nd4 Bf7 16. Ncb5 Qb6 17. Nxd6 Qa5 18. Qc1 Ne5 19. Bg2 Nd3 20. Nxb7 Qa6 21. Nc5 Nxc5 22. Bxc5 Rfc8 23. Qa3 Qxa3 24. Bxa3 Ng4 25. Bc1 Re8 26. cxd5 Nxe3 27. Bxe3 Rxe3 28. Rad1 Rd8 29. Nc6 Rd7 30. Rfe1 Rxe1+ 31. Rxe1 Kf8 32. Rd1 Bb2 33. Kf2 Ba3 34. b4 Rd6 35. Rd3 Bb2 36. b5 Rd7 37. a4 Bf6 38. a5 Rb7 39. b6 axb6 40. a6 1-0

[Event "Moscow-ch"]
[Site "Moscow"]
[Date "1997.??.??"]
[Round "6"]
[White "Gromadin, Gleb"]
[Black "Shur, Mikhail"]
[Result "0-1"]
[WhiteElo "2190"]
[BlackElo "2365"]
[PlyCount "50"]
[EventDate "1997.??.??"]
[EventType "swiss"]
[EventRounds "9"]
[EventCountry "RUS"]
[SourceTitle "EXT 2000"]
[Source "ChessBase"]
[SourceDate "1999.11.16"]
[SourceVersion "1"]
[SourceVersionDate "1999.11.16"]
[SourceQuality "1"]

1. c4 e6 2. Nf3 d5 3. g3 Nf6 4. Bg2 c5 5. cxd5 Nxd5 6. 0-0 Be7 7. Nc3 0-0 8. Nxd5 Qxd5 9. d4 cxd4 10. Qxd4 Qb5 11. Qe4 Nc6 12. b3 f6 13. Bb2 e5 14. Nh4 Rd8 15. Nf5 Bf8 16. Rfd1 Be6 17. e3 Qe2 18. Rxd8 Rxd8 19. Bc3 g6 20. Nd4 Nxd4 21. exd4 Qxe4 22. Bxe4 exd4 23. Rd1 Bc5 24. Bb2 Rb8 25. Bxd4 Bxd4 0-1